O terceiro gêmeo / (Record no. 241)

MARC details
000 -LÍDER
campo de controle de tamanho fixo 01871nam a2200313 4500
001 - NÚMERO DE CONTROLE
campo de controle 241
003 - IDENTIFICADOR DO NÚMERO DE CONTROLE
campo de controle OSt
005 - DATA E HORÁRIO DA ÚLTIMA TRANSAÇÃO
campo de controle 20250528074016.0
008 - CAMPO DE DADOS FIXOS--INFORMAÇÃO GERAL
campo de controle de tamanho fixo 250206b |||||||e |||| 00| 1 eng d
020 ## - ISBN - INTERNATIONAL STANDARD BOOK NUMBER
ISBN - International Standard Book Number 8532507581
040 ## - FONTE DA CATALOGAÇÃO
Idioma da catalogação por
041 ## - CÓDIGO DE IDIOMA
Código do idioma do original e/ou traduções intermediárias do texto eng
Código do idioma do texto/trilha sonora ou título diferente por
082 ## - CDD - CLASSIFICAÇÃO DECIMAL DE DEWEY
Número de Classificação 823
Número do exemplar F667t
100 1# - ENTRADA PRINCIPAL--NOME PESSOAL
Nome pessoal Follett, Ken,
Datas associadas ao nome 1949-
9 (RLIN) 453
240 ## - TÍTULO UNIFORME
Título uniforme The third twin
245 ## - TÍTULO
Título O terceiro gêmeo /
Indicação de responsabilidade, etc. Follett, Ken ; Tradução de Haroldo Netto
260 ## - PUBLICAÇÃO, DISTRIBUIÇÃO, ETC.
Local de publicação, distribuição, etc. Rio de Janeiro
Nome do editor, distribuidor, etc. Rocco
Data da publicação, distribuição, etc. 1997
300 ## - DESCRIÇÃO FÍSICA
Extensão 517 p.
520 ## - NOTA DE RESUMO, ETC.
Resumo, etc. Jeannie Ferrami é uma brilhante pesquisadora universitária que quer provar que indivíduos geneticamente predispostos a atitudes agressivas podem sublimar essas características através de uma educação adequada.<br/>Ela desenvolve suas pesquisas através de um software, capaz de identificar gêmeos idênticos criados separadamente.<br/>Recorrendo às informações médicas de milhões de pessoas, contidas em bancos de dados, ela descobre um par ideal: um é criminoso e o outro, um cidadão exemplar.<br/>Entretanto Jeannie se depara com uma situação impossível: os gêmeos são idênticos, mas nascidos de diferentes mães, em diferentes datas.<br/>A descoberta deixa Jeannie em sérios apuros. Ela começa a enfrentar a perseguição de seu chefe, Berrington Jones, uma autoridade mundial em engenharia genética e sócio de uma companhia de manipulação genética, a Genetico Inc.<br/>A empresa está prestes a ser vendida para uma companhia européia por US$ 180 milhões, e a revelação dessa experiência pode colocar em risco a conclusão desse lucrativo negócio.
650 #0 - ASSUNTO--TERMO TÓPICO
Cabeçalho tópico ou nome geográfico Literatura Inglesa
9 (RLIN) 89
650 #0 - ASSUNTO--TERMO TÓPICO
Cabeçalho tópico ou nome geográfico Crime e Investigação
9 (RLIN) 13
650 #0 - ASSUNTO--TERMO TÓPICO
Cabeçalho tópico ou nome geográfico Medicina
9 (RLIN) 319
650 #0 - ASSUNTO--TERMO TÓPICO
Cabeçalho tópico ou nome geográfico Suspense
9 (RLIN) 10
650 #0 - ASSUNTO--TERMO TÓPICO
Cabeçalho tópico ou nome geográfico Psicológico
9 (RLIN) 85
655 #0 - TERMO DE ÍNDICE--GÊNERO E FORMA
Gênero/forma/ou termo foco Romance
655 #0 - TERMO DE ÍNDICE--GÊNERO E FORMA
Gênero/forma/ou termo foco Ficção
700 ## - ENTRADA ADICIONADA - NOME PESSOAL
Nome pessoal Haroldo Netto
Função do autor por extenso Tradutor
9 (RLIN) 450
942 ## - ELEMENTOS DE ENTRADA ADICIONADOS (KOHA)
Fonte de classificação ou esquema de arquivamento Classificação decimal de Dewey
Ocultar no OPAC Não
Tipo de material Koha Livros
Holdings
Situação do descarte Situação das perdas Fonte de classificação ou esquema de arquivamento Status danificado Não pode ser emprestado Coleção Biblioteca de origem Biblioteca atual Localização na estante Data de aquisição Fonte de aquisição Total de empréstimos Número de chamada completo Código de barras Data de último acesso Data do preço efetivo Tipo de material Koha
    Classificação decimal de Dewey     Ficção Biblioteca Professor Eduardo Afonso de Castro Biblioteca Professor Eduardo Afonso de Castro Literatura Estrangeira 02.06.2017 doação   823 / F667t 2025-15707 06.02.2025 06.02.2025 Livros

Powered by Koha